Die 83 größten Städte Deutschlands - Statistiken

Allgemein
  • Dieses Quiz wurde 356 mal gespielt
  • Das Durchschnittsergebnis liegt bei 58 aus 83
Antwortstatistiken
👥 Stadt % Korrekt
Be.l.n 3.780.000 Berlin
100%
Ha.b..g 1.910.000 Hamburg
100%
Fr.n.f..t a. Ma.n 775.000 Frankfurt am Main
99%
Mü.c..n 1.510.000 München
99%
Kö.n 1.087.000 Köln
98%
Dü.s..d..f 631.000 Düsseldorf
96%
St.t.g..t 633.000 Stuttgart
96%
Do..m..d 595.000 Dortmund
95%
D.e.d.n 566.000 Dresden
95%
E.s.n 586.000 Essen
95%
L.i.z.g 619.000 Leipzig
95%
Br.m.n 577.000 Bremen
93%
H.n..v.r 548.000 Hannover
93%
Ki.l 248.000 Kiel
93%
Nü..b..g 526.000 Nürnberg
93%
M.i.z 222.000 Mainz
87%
Au..b..g 303.000 Augsburg
84%
Bo.n 335.000 Bonn
84%
Ma.d.b..g 240.000 Magdeburg
83%
Du..b..g 503.000 Duisburg
82%
Wi..b.d.n 285.000 Wiesbaden
82%
A.c..n 252.700 Aachen
81%
Bi.l.f..d 338.00 Bielefeld
81%
E.f..t 215.000 Erfurt
81%
Po..d.m 187.000 Potsdam
81%
Ro.t..k 210.00 Rostock
81%
B.c..m 366.00 Bochum
80%
F.e.b..g i. Br.i.g.u 237.000 Freiburg im Breisgau
80%
Ka.l.r..e 309.000 Karlsruhe
79%
Ch..n..z 250.000 Chemnitz
78%
Ma..h..m 316.000 Mannheim
78%
U.m 129.000 Ulm
77%
Ge.s..k..c..n 265.000 Gelsenkirchen
76%
O.n.b.ü.k 166.900 Osnabrück
76%
Sa..b..c..n 183.000 Saarbrücken
76%
W.p.e.t.l 358.00 Wuppertal
76%
Br.u.s..w..g 252.000 Braunschweig
75%
Je.a 110.000 Jena
75%
Mü.s..r 322.000 Münster
75%
Wo.f.b..g 127.000 Wolfsburg
75%
I.g..s.a.t 142.000 Ingolstadt
73%
K.s..l 204.000 Kassel
73%
R.g.n.b..g 159.000 Regensburg
71%
Ka.s.r.l..t..n 101.000 Kaiserslautern
69%
Mö.c.e.g.a.b..h 268.000 Mönchengladbach
69%
O.d..b..g 174.000 Oldenburg
69%
Da..s.a.t 164.000 Darmstadt
68%
L.b..k 219.000 Lübeck
67%
P.d..b..n 155.700 Paderborn
67%
Wü..b..g 128.200 Würzburg
67%
F.r.h 132.000 Fürth
66%
H.l.e (S.a.e) 242.000 Halle (Saale)
66%
L.v..k.s.n 166.400 Leverkusen
65%
He.d..b..g 162.000 Heidelberg
63%
T.i.r 112.700 Trier
63%
Ob..h..s.n 211.00 Oberhausen
62%
Br.m..h.v.n 114.000 Bremerhaven
61%
Co..b.s 100.000 Cottbus
61%
K.b.e.z 115.000 Koblenz
61%
O.f..b..h 135.000 Offenbach am Main
61%
Ha.m 180.000 Hamm
60%
Be.g.s.h Gl..b..h 112.600 Bergisch Gladbach
58%
Lu.w.g.h.f.n a. R.e.n 176.000 Ludwigshafen am Rhein
58%
G.t.i.g.n 120.000 Göttingen
51%
Kr.f..d 228.000 Krefeld
51%
E.l..g.n 117.000 Erlangen
50%
H.r.e 157.000 Herne
50%
Hi.d..h..m 102.300 Hildesheim
47%
H.g.n 190.000 Hagen
46%
He..b.o.n 130.000 Heilbronn
46%
R.c.l.n.h..s.n 111.000 Recklinghausen
46%
N.u.s 155.100 Neuss
45%
Re..l..g.n 118.500 Reutlingen
44%
Si.g.n 102.100 Siegen
43%
B.t.r.p 118.700 Bottrop
41%
Pf.r.h..m 128.900 Pforzheim
41%
Sa..g.t..r 105.000 Salzgitter
41%
Mü.h..m a. d.r Ru.r 173.000 Mülheim an der Ruhr
40%
S.l..g.n 161.000 Solingen
40%
H.n.u 103.000 Hanau
38%
G.t.r.l.h 102.400 Gütersloh
37%
Re.s.h..d 112.90p Remscheid
37%
M.e.s 105.600 Moers
36%
Keine übereinstimmenden Quizze gefunden
Verteilung der Resultate
Anzahl Personen mit jedem Resultat
Perzentil nach korrekt beantworteten Fragen
Ihre Resultats-Entwicklung
Sie haben dieses Quiz noch nicht gespielt